[Event "GER-ch U10"]
[Site "Oberhof"]
[Date "2010.05.23"]
[Round "2"]
[White "Cejda, Cecilia"]
[Black "Walker, Julia"]
[Result "0-1"]
[WhiteElo "894"]
[BlackElo "1145"]
[PlyCount "76"]
[EventDate "2010.05.22"]
[EventType "swiss"]
[EventRounds "11"]
[EventCountry "GER"]
[SourceTitle "CBM 136 Extra"]
[Source "ChessBase"]
[SourceDate "2010.07.02"]
[SourceVersion "2"]
[SourceVersionDate "2010.07.15"]
[SourceQuality "1"]

1. e4 e5 2. Nf3 Nc6 3. Bc4 Bc5 4. c3 Nf6 5. d4 exd4 6. cxd4 Bb6 7. d5 Ne7 8. Qb3 0-0 9. 0-0 Nxe4 10. Re1 Bxf2+ 11. Kf1 Bxe1 12. Nxe1 d6 13. Nd2 Nxd2+ 14. Bxd2 Nf5 15. Nf3 Qf6 16. Bg5 Qg6 17. Bd3 h6 18. Be7 Re8 19. Bh4 Qg4 20. h3 Ne3+ 21. Kf2 Qxg2+ 22. Ke1 Qh1+ 23. Kd2 Qxa1 24. Nd4 Nf1+ 25. Kc2 Ne3+ 26. Kc3 Qc1+ 27. Bc2 Nxc2 28. Nxc2 Re3+ 29. Kb4 Rxb3+ 30. Kxb3 Bf5 31. Nd4 Qe3+ 32. Kc4 Qd3+ 33. Kb4 Qxd4+ 34. Kb3 Qxh4 35. a3 Re8 36. Ka2 Qc4+ 37. b3 Qc2+ 38. Ka1 Re1# 0-1

[Event "GER-ch U10"]
[Site "Oberhof"]
[Date "2010.05.23"]
[Round "1"]
[White "Walker, Julia"]
[Black "Graf, Clara Victoria"]
[Result "0-1"]
[WhiteElo "1145"]
[BlackElo "1736"]
[PlyCount "50"]
[EventDate "2010.05.22"]
[EventType "swiss"]
[EventRounds "11"]
[EventCountry "GER"]
[SourceTitle "CBM 136 Extra"]
[Source "ChessBase"]
[SourceDate "2010.07.02"]
[SourceVersion "2"]
[SourceVersionDate "2010.07.15"]
[SourceQuality "1"]

1. e4 c5 2. Nc3 Nc6 3. g3 g6 4. d3 Bg7 5. Be3 d6 6. Qd2 Nd4 7. Bg2 Nf6 8. 0-0-0 Ng4 9. Bf4 e5 10. Be3 Nxe3 11. Qxe3 0-0 12. Kb1 b5 13. f4 b4 14. Nd5 a5 15. f5 a4 16. h4 b3 17. c3 Nc2 18. Qe2 a3 19. f6 Bxf6 20. Nxf6+ Qxf6 21. h5 axb2 22. Kxb2 Rxa2+ 23. Kc1 Qg5+ 24. Rd2 Na3 25. Nf3 b2+ 0-1

[Event "Duesseldorf Nord Cup 9th GrN"]
[Site "Duesseldorf"]
[Date "2009.08.16"]
[Round "4"]
[White "Walker, Julia"]
[Black "Kugathasan, Sven G"]
[Result "0-1"]
[WhiteElo "993"]
[BlackElo "966"]
[PlyCount "58"]
[EventDate "2009.08.14"]
[EventType "tourn"]
[EventRounds "5"]
[EventCountry "GER"]
[SourceTitle "EXT 2020"]
[Source "ChessBase"]
[SourceDate "2019.10.17"]
[SourceVersion "1"]
[SourceVersionDate "2019.10.17"]
[SourceQuality "1"]

1. e4 e5 2. Nf3 Nc6 3. Bc4 Bc5 4. d3 d6 5. Nc3 Nf6 6. Bg5 0-0 7. Nd5 Bg4 8. Nxf6+ gxf6 9. Bh6 Re8 10. c3 f5 11. exf5 Bxf5 12. 0-0 d5 13. Bb3 e4 14. dxe4 Bxe4 15. Re1 Qf6 16. Bg5 Qg6 17. Bf4 Ne5 18. Bxe5 Rxe5 19. g3 Rf5 20. Nh4 Bxf2+ 21. Kf1 Bxg3+ 22. Ke2 Rf2+ 23. Ke3 Qg5+ 24. Kd4 Be5+ 25. Kc5 Qe7+ 26. Kb5 c6+ 27. Ka4 b5+ 28. Ka5 Qc7+ 29. Kb4 Bd6# 0-1

[Event "Duesseldorf Nord Cup 9th GrN"]
[Site "Duesseldorf"]
[Date "2009.08.15"]
[Round "2"]
[White "Fast, Sabrina"]
[Black "Walker, Julia"]
[Result "1-0"]
[WhiteElo "967"]
[BlackElo "993"]
[PlyCount "49"]
[EventDate "2009.08.14"]
[EventType "tourn"]
[EventRounds "5"]
[EventCountry "GER"]
[SourceTitle "EXT 2020"]
[Source "ChessBase"]
[SourceDate "2019.10.17"]
[SourceVersion "1"]
[SourceVersionDate "2019.10.17"]
[SourceQuality "1"]

1. e4 e5 2. Nc3 Nf6 3. Nf3 Nc6 4. a3 a6 5. Bc4 Bc5 6. d3 d6 7. Ng5 0-0 8. 0-0 h6 9. Nxf7 Rxf7 10. Bxf7+ Kxf7 11. Be3 Bb6 12. Bxb6 cxb6 13. Nd5 Nxd5 14. exd5 Ne7 15. Qf3+ Kg8 16. Rad1 Qc7 17. c3 Qc5 18. d4 exd4 19. Rxd4 Bd7 20. Re1 Ng6 21. Qg3 Ne5 22. f4 Ng4 23. h3 Nf6 24. Re7 Bb5 25. Qxg7# 1-0